Arte antiguo (Record no. 177006)

MARC details
000 -LEADER
campo de control de longitud fija 00882nam a22002535i 4500
001 - NÚMERO DE CONTROL
campo de control 177006
003 - IDENTIFICADOR DE NÚMERO DE CONTROL
campo de control ES-MaACL
005 - FECHA Y HORA DE LA ÚLTIMA TRANSACCIÓN
campo de control 20250812050900.0
008 - DATOS DE LONGITUD FIJA--INFORMACIÓN GENERAL
campo de control de longitud fija 110223s1982 sp |||| | spa d
020 ## - NÚMERO INTERNACIONAL ESTÁNDAR DEL LIBRO
Número Internacional Estándar del Libro 84-252-1113-1
080 ## - NÚMERO DE LA CLASIFICACIÓN DECIMAL UNIVERSAL
Número de la Clasificación Decimal Universal 7.032
245 00 - MENCIÓN DEL TÍTULO
Título Arte antiguo
Resto del título : Próximo Oriente, Grecia y Roma /
Mención de responsabilidad, etc. edición a cargo de Antonio José Pitarch ... [et al.].
260 ## - PUBLICACIÓN, DISTRIBUCIÓN, ETC.
Lugar de publicación, distribución, etc. Barcelona :
Nombre del editor, distribuidor, etc. Gustavo Gili,
Fecha de publicación, distribución, etc. [1982]
300 ## - DESCRIPCIÓN FÍSICA
Extensión 453 p. ;
Dimensiones 20 cm.
490 1# - MENCIÓN DE SERIE
Mención de serie Fuentes y documentos para la historia del arte ;
Designación de volumen o secuencia 1
500 ## - NOTA GENERAL
Nota general Índices.
650 #7 - PUNTO DE ACCESO ADICIONAL DE MATERIA--TÉRMINO DE MATERIA
Término de materia o nombre geográfico como elemento de entrada Arte antiguo
Fuente del encabezamiento o término embne
9 (RLIN) 145358
650 #7 - PUNTO DE ACCESO ADICIONAL DE MATERIA--TÉRMINO DE MATERIA
Término de materia o nombre geográfico como elemento de entrada Arte griego
Fuente del encabezamiento o término embne
9 (RLIN) 10221
650 07 - PUNTO DE ACCESO ADICIONAL DE MATERIA--TÉRMINO DE MATERIA
Término de materia o nombre geográfico como elemento de entrada Arte romano
Fuente del encabezamiento o término embne
9 (RLIN) 10314
700 1# - ENTRADA AGREGADA--NOMBRE PERSONAL
Nombre de persona Pitarch, Antonio José.
9 (RLIN) 92404
830 1# - PUNTO DE ACCESO ADICIONAL DE SERIE-TÍTULO UNIFORME
Título uniforme Fuentes y documentos para la historia del arte ;
Designación de volumen o secuencia 1
9 (RLIN) 190327
852 ## - LOCALIZACIÓN
Ubicación ES-MaACL
Número de control de estantería E-14422
Encuadernación Olim P-329
Holdings
Estatus retirado Estado de pérdida Estado de daño No para préstamo Biblioteca de origen Biblioteca actual Ubicación en estantería Fecha de adquisición Fuente de adquisición Total de préstamos Signatura topográfica completa Código de barras Visto por última vez Precio de reemplazo Tipo de ítem Koha
        Biblioteca del Ateneo de Madrid Biblioteca del Ateneo de Madrid Depósito 2 23/02/2011     E-14422 1185907 23/02/2023 23/02/2023 Libro impreso